|
|
|
|
| LEADER |
00000nam a2200000 a 4500 |
| 001 |
vtls008371032 |
| 003 |
SK-MaSNL |
| 005 |
20260302085921.0 |
| 008 |
181118s1940 xo slo |
| 015 |
|
|
|a SNBA19391941-000346
|
| 035 |
|
|
|a SK01SNKBKSD120010063249
|
| 035 |
|
|
|a SKM000065712
|
| 040 |
|
|
|a SNK
|b slo
|c SNK
|e AACR2
|
| 041 |
1 |
|
|a slo
|h ger
|
| 044 |
|
|
|a xo
|c SK
|
| 080 |
|
|
|a 839.05-3
|2 1981
|
| 100 |
1 |
|
|a Frensen, Gustav,
|d 1863-1945
|4 aut
|9 756677
|
| 245 |
1 |
0 |
|a Pyšný Meino
|c Gustáv Frensen ; preložil Ján Bodenek
|
| 260 |
|
|
|a Bratislava
|b Spoločnosť priateľov klasických kníh
|c 1940
|e Bratislava
|f Slov. Grafia
|
| 300 |
|
|
|a 265 s.
|c 8°
|
| 490 |
0 |
|
|a Knižnica Spoločnosti priateľov klasických kníh
|v sv. 42
|
| 655 |
|
7 |
|a nemecké romány
|2 SNKPH
|9 70433
|
| 700 |
1 |
|
|a Bodenek, Ján,
|d 1911-1985
|4 trl
|9 117898
|
| 830 |
|
0 |
|a Knižnica Spoločnosti priateľov klasických kníh
|9 345170
|
| 954 |
|
|
|a beletria cudzojazyčná (svetová)
|2 lita
|
| 958 |
|
|
|a OND
|
| 958 |
|
|
|a RK
|
| 958 |
|
|
|a TL
|
| 999 |
|
|
|c 1194413
|d 1196343
|
| 952 |
|
|
|a SNK
|b SNK
|y VYP
|7 0
|p 17A0532483
|o snkSD 3351/42 D1
|i snkF 1526/66
|8 5
|3 rekatalogizácia
|0 0
|1 0
|4 0
|d 2006-12-16
|l 0
|r 2026-02-24 22:22:23
|w 2026-02-24
|